|
|
|
|
| LEADER |
00999naa a2200217 i 4500 |
| 001 |
acta89903 |
| 005 |
20260312080120.0 |
| 008 |
260312s2026 hu o 100 eng d |
| 020 |
|
|
|a 978-963-648-081-3
|
| 040 |
|
|
|a SZTE Egyetemi Kiadványok Repozitórium
|b hun
|
| 041 |
|
|
|a eng
|
| 100 |
1 |
|
|a Dauphin Claude
|
| 245 |
1 |
4 |
|a The aesthetical movement of classical music composition in Haiti
|h [elektronikus dokumentum] /
|c Dauphin Claude
|
| 260 |
|
|
|a Juhász Gyula Felsőoktatási Kiadó
|b Szeged
|c 2026
|
| 300 |
|
|
|a 7-14
|
| 490 |
0 |
|
|a Nemzetközi Zenei Konferencia
|v 26
|
| 650 |
|
4 |
|a Bölcsészettudományok
|
| 650 |
|
4 |
|a Művészetek (művészetek, művészettörténet, előadóművészetek, zene)
|
| 695 |
|
|
|a Zenetörténet - Haiti Köztársaság, Zene - Haiti Köztársaság
|
| 711 |
|
|
|a Nemzetközi Zenei Konferencia (26.), Zenei évfordulók, új zenepedagógiai kutatások
|c Szeged
|d 2025. október 6-7.
|
| 856 |
4 |
0 |
|u http://acta.bibl.u-szeged.hu/89903/1/nemzetkozi_zenei_026_007-014.pdf
|z Dokumentum-elérés
|